000
00321nam a22001457a 4500
020
_a
978-81-8275-008-1
082
_a
823
_b
MYK/E
100
_a
MY KIDS WORLD
245
_a
THE EMPEROR'S NIGHTINGALE
260
_a
NEW DELHI
_b
MY KIDS WORLD
300
_a
16
520
_a
FAIRY TALES
650
_a
FAIRY TALES
942
_c
BK
999
_c
5628
_d
5628